Consejos a las madres : La madre tiene el deber de criar a su hijo La madre tiene el deber de criar a su hijo
Descripción Física:
24 p. ; 15 cm
Materias:
Puericultura
MARC
| LEADER | 00000nam a2200000Ia 4500 | ||
|---|---|---|---|
| 001 | 8713 | ||
| 003 | BGR | ||
| 005 | 20260324175338.0 | ||
| 008 | 160829s9999 xx 000 0 cat d | ||
| 080 | |a FU-1-50 | ||
| 245 | |a Consejos a las madres : |b La madre tiene el deber de criar a su hijo | ||
| 260 | |a Barcelona : |b Junta Provincial de Protección de Menores, [s.a.] | ||
| 300 | |a 24 p. ; |c 15 cm | ||
| 650 | 0 | |a Puericultura |9 25715 | |
| 710 | 2 | |a Junta Provincial de Protección de Menores (Barcelona) |9 71281 | |
| 901 | |a Arxiu | ||
| 942 | |n 1 |2 udc |c MON | ||
| 952 | |0 0 |1 0 |4 0 |6 FU150 |7 1 |9 44731 |a Arxiu |b Arxiu |d 2016-12-01 |l 0 |o FU-1-50 |p 8713 |r 2016-12-01 00:00:00 |w 2016-12-01 |y ARXIU | ||
| 999 | |c 47313 |d 47313 | ||